000 00828cam4a220024100 4500
001 lce00688329
008 690602s1969 cau 000 0 eng
010 _a 69015872 //r83
020 _c3.50
035 _a(Sirsi) r16695
035 _a(DLC) 69015872 //r83
035 _a(UPRA)lce00688329
041 1 _aeng swe
_heng swe
050 0 _aQ171
_b.A39913
082 _a500
100 1 _aAlfven, Hannes, 1908-
_dAlfven, Hannes, 1908-
_6A74265.1
240 1 0 _aAtomen, manniskan, universum. English
_lAtomen, manniskan, universum. English
245 1 0 _aAtom, man, and the universe;
_bthe long chain of complications.
_cTranslated by John M. Hoberman.
260 _aSan Francisco,
_bW. H. Freeman
_c[1969]
650 0 _aScience.
_6S2160.1
949 _aQ171
_wlcc
_i33729000232889
_mMAIN
_p2500
_tBOOK
_lON-SHELF
004 16695
999 _c158835
_d158835